Informatizácia - cesta k znalostnej ekonomike
Informatizácia a informačná spoločnosť. Činitele ovplyvňujúce mieru informatizácie v spoločnosti. Prínos informačných technológií pre ekonomiku. Slovensko a informatizácia. Využívanie informačných technológií v podnikoch SR.
Enregistré dans:
| Auteur principal: | |
|---|---|
| Format: | Chapitre de livre |
| Langue: | slovaque |
| Sujets: | |
| Tags: |
Pas de tags, Soyez le premier à ajouter un tag!
|
MARC
| LEADER | 00000naa$a2200000$$$4500 | ||
|---|---|---|---|
| 001 | 0051348 | ||
| 005 | 20240611102959.5 | ||
| 041 | 0 | |a slo | |
| 044 | |a SK | ||
| 245 | 1 | 0 | |a Informatizácia - cesta k znalostnej ekonomike |c Ladislav Bažó |
| 520 | |a Informatizácia a informačná spoločnosť. Činitele ovplyvňujúce mieru informatizácie v spoločnosti. Prínos informačných technológií pre ekonomiku. Slovensko a informatizácia. Využívanie informačných technológií v podnikoch SR. | ||
| 610 | 2 | 0 | |a ekonomika vedomostná |
| 610 | 2 | 0 | |a spoločnosť vedomostná |
| 610 | 2 | 0 | |a informatizácia |
| 610 | 2 | 0 | |a technológie informačné |
| 610 | 2 | 0 | |a technológie komunikačné |
| 610 | 2 | 0 | |a podnik |
| 610 | 2 | 0 | |a internet |
| 100 | 1 | |a Bažó, Ladislav, 1980- | |